Národné poistenie Časopis Slovenskej správy nemocenského poistenia

Guardado en:
Detalles Bibliográficos
Formato: Seriadas
Lenguaje:eslovaco
Publicado: Bratislava Práca 1989
Etiquetas: Agregar Etiqueta
Sin Etiquetas, Sea el primero en etiquetar este registro!

MARC

LEADER 00000nas2a2200000 4500
001 s040949
005 20250730114152.2
041 0 |a slo 
044 |a SK 
245 1 0 |a Národné poistenie  |b Časopis Slovenskej správy nemocenského poistenia 
264 1 |a Bratislava  |b Práca  |c 1989 
300 |a 1 zv. 
773 0 |w eu_un_cat*s120069